000 02495cam a22005414i 4500
003 PE-LiUPU
005 20250731172740.0
008 150617s r 000 0 d
035 _a(Sirsi) a11951
040 _aPE-LiUPU
_bspa
_cPE-LiUPU
_erda
049 _aPRUA
082 0 4 _a232.901
_bR53
_221
100 1 _aRicciotti, Giuseppe,
_eautor.
245 1 0 _aVida de Jesucristo: Con introducción crítica e ilustraciones /
_cGiuseppe Ricciotti ; prólogo y revisión por el Dr. Ramón Roquer Vilarrasa ; traducción del italiano por Juan G. de Luaces.
264 1 _aBarcelona :
_bLuís Miracle, editor,
_c1944.
300 _a756 páginas :
_bil. ;
_c25 cm.
336 _atext
_2rdacontent
337 _aunmediated
_2rdamedia
338 _avolume
_2rdacarrier
505 0 _aLas fuentes -- Los evangelios -- La cronología de la vida de Jesús -- El aspecto físico de Jesús -- Las interpretaciones racionalistas de la vida de Jesús -- Vida de Jesucristo.
526 _aSEG42
526 _aSEG41
526 _aSEG40
526 _aSEG39
526 _aP94
526 _aP87
526 _aP86
526 _aP85
526 _aP77
526 _aP76
526 _aP35
600 1 _aJesucristo
700 1 _aLuaces, Juan G. de,
_etraductor.
700 1 _aRoquer, Ramón,
_d1901-1978,
_eprol.
910 _ajck
_bjvq
_cjck
_d20150616
942 _2ddc
_cBOOK
949 _a232.901 R53
_wDEWEY
_c1
_i05056
_lCCODEBUL1
_mBUL
_p00.00
_r0
_sY
_tBOOK
_u19830623
_xTEOLOGIA
_PP35
_0COMPRA
_o.STAFF. Colección general
949 _a232.901 R53
_wDEWEY
_c2
_i37066
_lCCODEBUL1
_mBUL
_p00.00
_r0
_sY
_tBOOK
_u19830623
_xTEOLOGIA
_PP35
_0COMPRA
_o.STAFF. Colección general
949 _a232.901 R53
_wDEWEY
_c3
_i21860
_lCCODEBUL1
_mBUL
_p00.00
_r0
_sY
_tBOOK
_u19830623
_xTEOLOGIA
_PP35
_0COMPRA
_o.STAFF. Colección general
994 _aC0
_bPEPRU
596 _a1
999 _a232.901 R53
_wDEWEY
_c2155
_i05056
_f2021-11-11
_g5
_lCCODEBUL1
_mBUL
_r0
_sY
_tBOOK
_u2015-6-17
_xTEOLOGIA
_PP35
_0COMPRA
_o.STAFF. Colección general
_d2155
999 _a232.901 R53
_wDEWEY
_c2
_i37066
_f2021-11-11
_g5
_lCCODEBUL1
_mBUL
_r0
_sY
_tBOOK
_u2015-6-17
_xTEOLOGIA
_PP35
_0COMPRA
_o.STAFF. Colección general
999 _a232.901 R53
_wDEWEY
_c3
_i21860
_d2018-4-29
_f2021-11-11
_g5
_lCCODEBUL1
_mBUL
_q1
_r0
_sY
_tBOOK
_u2015-6-17
_xTEOLOGIA
_PP35
_0COMPRA
_o.STAFF. Colección general
980 _81
_gALBERTO SANCHEZ Responsable de Automatización